15 Largest Cities in the Dominican Republic🇩🇴 - Statistics

General Stats
  • This quiz has been taken 21 times
  • The average score is 3 of 15
Answer Stats
Population City % Correct
2.2 mil Santo Domingo
100%
100k Punta Cana
44%
208k La Romana
31%
146k Puerto Plata
31%
124k San Francisco de Macoris
19%
217k San Pedro de Macoris
19%
66k Bajos de Haina
13%
66k Bani
13%
73k Bonao
13%
154k San Christobal
13%
175k Bella Vista
6%
123k Salvaleon de Higueey
6%
72k San Juan de la Maguana
6%
102k Concepcion de La Vega
0%
77k Santa Cruz de Barahona
0%
No matching quizzes found
Score Distribution
Percent of People with Each Score
Percentile by Number Answered
Your Score History
You have not taken this quiz